000 00438nam a2200193Ia 4500
005 20240823044217.0
008 240823s9999||||xx |||||||||||||| ||und||
041 _aENGLISH
082 _A822.3
100 _aKulkarni N M
245 0 _aDoctor Faustus
250 _a1st
260 _bstudents Book c
_aNagercoil
500 _aTRANSFERED
650 _aFaustus
_bEnglish
700 _a Mukherjee K P
942 _cBK
999 _c212025
_d212025